ميسر ويب بيج / (رقم التسجيلة. 95573)

تفاصيل مارك
000 -الفاتح
عناصر البيانات ثابتة الطول 00842cam a2200241 i 4500
005 - تاريخ ووقت آخر معاملة
حقل ضبط 20251108173058.0
008 - عناصر البيانات ثابتة الطول
عناصر البيانات ثابتة الطول 250721s1999 su gr 000 0 ara d
020 ## - الترقيم الدولي المعياري للكتب (ردمك)
الترقيم الدولي المعياري للكتب (ردمك) 9960926664
041 1# - كود اللغة
كود اللغة لنص/مسار صوت أو عنوان منفصل ara
كود اللغة للأصل eng
082 14 - رقم تصنيف ديوي العشري
رقم التصنيف 004.67
رقم المادة م ي س
100 1# - مدخل رئيسي – اسم شخصي
الاسم الشخصي رمضان، عائشة حسن
علاقة الشخص بالعمل/ دوره مترجم.
240 10 - عنوان مقنن
عنوان مقنن easy web pages.
245 10 - بيان العنوان
العنوان ميسر ويب بيج /
بيان المسؤولية ترجمة عائشة حسن رمضان ؛ مراجعة وتدقيق خالد حسن سويدان.
250 ## - بيان الطبعة
بيان الطبعة الإصدار الثاني.
264 1# - بيانات النشر، التوزيع…إلخ
مكان النشر، التوزيع...إلخ جدة :
اسم الناشر، الموزع...إلخ دار خالد سعيد باشماخ،
تاريخ النشر، التوزيع...إلخ 1999.
300 ## - الوصف المادي
عدد الوحدات المكونة للوعاء 185 صفحة.
650 17 - مدخل إضافي بالموضوع - مصطلح موضوعي
مصطلح موضوعي أو اسم جغرافي كعنصر مدخل شبكات المعلومات.
650 17 - مدخل إضافي بالموضوع - مصطلح موضوعي
مصطلح موضوعي أو اسم جغرافي كعنصر مدخل الحواسيب.
650 17 - مدخل إضافي بالموضوع - مصطلح موضوعي
مصطلح موضوعي أو اسم جغرافي كعنصر مدخل الإنترنت.
700 1# - مدخل إضافي - اسم شخصي
الاسم الشخصي سويدان، خالد حسن.
علاقة الشخص بالعمل/ دوره مدقق.
942 ## - بيانات إضافية (كوها)
نوع التنصيف Dewey Decimal Classification
نوع المادة (كوها) كتب
المقتنيات
حالة السحب حالة الفقدان مصدر التصنيف حالة التلف غير قابل للإعارة المكتبة الرئيسية المكتبة الحالية موقع الرف تاريخ التزويد الرقم المتسلسل Total Checkouts رقم الإستدعاء الباركود تاريخ آخر ظهور تاريخ الفاتورة نوع المادة (كوها)
    Dewey Decimal Classification     المكتبة المركزية المكتبة المركزية الإعارة 28/07/2025 601806   004.67/ميس 601806 28/07/2025 28/07/2025 كتب
    Dewey Decimal Classification     المكتبة المركزية المكتبة المركزية الإعارة 28/07/2025 601804   004.67 / م ي س 601804 28/07/2025 28/07/2025 كتب
    Dewey Decimal Classification     مكتبة الأميرة ايمان العامة مكتبة الأميرة ايمان العامة الإعارة 28/07/2025 601805   004.67/ميس 601805 28/07/2025 28/07/2025 كتب
Implemented & Customized by: BBB with SCIT (Smart Chains for Information Technology)

Powered by Koha